| 000 | 00372 a2200157 4500 | ||
|---|---|---|---|
| 003 | Nust | ||
| 005 | 20170207153551.0 | ||
| 020 | _a8129701111 | ||
| 040 | _cNust | ||
| 082 | _a005.8 | ||
| 100 | _aPanko, Raymond R. | ||
| 245 |
_aCorporate computer and network security _cRaymond R. Panko |
||
| 260 |
_aSingapore _bPearson _c2003 |
||
| 300 | _a416 p. | ||
| 650 | _aNetwork security | ||
| 942 |
_2ddc _cBK |
||
| 999 |
_c188854 _d188854 |
||